JARI - Junta Administrativa de Recursos de Infraė̳s de Trńsito Legislaȯ̂, Instalaȯ̂ e Prt̀ica Modelo de Recursos /

Bibliographic Details
Main Author: Bonelli de Souza, Joô Luiz
Format: eBook
Language:Portuguese
Published: San Pablo: JH Mizuno, 2018
Subjects:
Online Access:Acceso restringido

MARC

LEADER 00000nam a22000007a 4500
005 20190712005225.0
007 cr|||| ||||
008 190712s2018 br |||||s|||| 00||0 por d
020 |a 978-85-7789-341-6 
035 |a 23841 
040 |a vLex 
090 |c 9028  |d 9028 
100 1 |a Bonelli de Souza, Joô Luiz 
245 1 0 |a JARI - Junta Administrativa de Recursos de Infraė̳s de Trńsito  |h [Recurso electrn̤ico] :  |b Legislaȯ̂, Instalaȯ̂ e Prt̀ica Modelo de Recursos /  |c Joô Luiz Bonelli de Souza 
256 |a Servicio en ln̕ea 
260 |a San Pablo:  |b JH Mizuno,  |c 2018 
300 |a 1 recurso electrn̤ico 
500 |a Esta obra contempla toda legislaȯ̂ pertinente ̉instalaȯ̂ e funcionamento de uma Junta Administrativa de Recursos de InƯfraė̳s – JARI, bem como modelo de recursos, regimento interƯno, parecer dos membros e de procedimentos administrativos relacionados com a tramitaȯ̂ dos processos, desde o protocolo inicial at ̌o resultado do julgamento enviado ao recorrente. O objetivo ̌facilitar o entendimento sobre o tema, seja para o autor do pleito, seja para a instalaȯ̂ de novas JARI, ou auxiliar as j ̀existentes, com subsd̕ios legais e prt̀icos, de forma simples e direta. 
506 1 |a Disponible solo en los productos indicados  |d vLex Global  |d vLex Global (Academic Edition, excluding Law Schools)  |d vLex Global (U.S. Academic Edition, Law Schools)  |d vLex Global (U.S. Academic Edition, excluding Law Schools)  |d vLex Global (Academic Edition, Law Schools) 
650 0 4 |a Derecho Civil  |z Brasil 
650 0 4 |a Procedimiento Civil  |z Brasil 
740 0 |a vLex Libros (Servicio en ln̕ea) 
856 4 0 |u http://vlex.com/source/jari-junta-administrativa-de-recursos-de-infra-es-de-tr-nsito-legisla-o-instala-o-e-pratica-modelo-de-recursos-23841  |z Acceso restringido 
942 |c BOOK 
999 0 |a Civil Law 
999 0 |a Civil Procedure